000
00304nam a22001337a 4500
008
170622b xxu||||| |||| 00| 0 eng d
020
_a
38471001542728
041
_a
eng
080
_a
94
100
_a
16
101
_a
SHH
245
_a
POLITICS AND PERSONALITY 1760-1827
_c
BARNES,M.J
942
_2
udc
_c
BK
999
_c
18640
_d
18640